LEADER 01039nam0 22002651i 450 001 UON00344189 005 20231205104311.118 100 $a20091109d1937 |0itac50 ba 101 $aita 102 $aIT 105 $a|||| 1|||| 200 1 $aDonne Shakespeariane$fTarquinio Vallese 210 $aMilano [etc.]$cSocietā Anonima Editrice Dante Alighieri$d1937 215 $a70 p.$d22 cm. 606 $aShakespeare William$3UONC038333$2FI 620 $aIT$dMilano$3UONL000005 676 $a822.33$cLetteratura drammatica inglese. William Shakespeare$v21 700 1$aVALLESE$bTarquinio$3UONV170941$0193398 712 $aSocietā Anonima Editrice Dante Alighieri$3UONV274131$4650 801 $aIT$bSOL$c20250704$gRICA 899 $aSIBA - SISTEMA BIBLIOTECARIO DI ATENEO$2UONSI 912 $aUON00344189 950 $aSIBA - SISTEMA BIBLIOTECARIO DI ATENEO$dSI Angl II SHA 3 c VAL $eSI MR 11227 5 996 $aDonne Shakespeariane$91360473 997 $aUNIOR LEADER 02845oam 2200433zu 450 001 9910141374403321 005 20241212220206.0 010 $a9781467308533 010 $a1467308536 035 $a(CKB)2670000000318955 035 $a(SSID)ssj0000825330 035 $a(PQKBManifestationID)12391905 035 $a(PQKBTitleCode)TC0000825330 035 $a(PQKBWorkID)10794834 035 $a(PQKB)10191056 035 $a(NjHacI)992670000000318955 035 $a(EXLCZ)992670000000318955 100 $a20160829d2012 uy 101 0 $aeng 135 $aur||||||||||| 181 $ctxt 182 $cc 183 $acr 200 10$a2012 IEEE Symposium on Visual Languages and Human-Centric Computing 210 31$a[Place of publication not identified]$cIEEE$d2012 215 $a1 online resource (xiv, 272 pages) 300 $aBibliographic Level Mode of Issuance: Monograph 311 08$a9781467308526 311 08$a1467308528 330 $aInforming caregivers by providing them with contextual medical information can significantly improve the quality of patient care activities. However, information flow in hospitals is still tied to traditional manual or digitised lengthy patient record files that are often not accessible while caregivers are attending to patients. Leveraging the proliferation of pervasive awareness technologies (sensors, actuators and mobile displays), recent studies have explored this information presentation aspect borrowing theories from context-aware computing, i.e., presenting subtle information contextually to support the activity at hand. However, the understanding of the information space (i.e., what information should be presented) is still fairly abstruse, which inhibits the deployment of such real-time activity support systems. To this end, this paper first presents situated glyphs, a graphical entity to encode situation specific information, and then presents our findings from an in-situ qualitative study addressing the information space tailored to such glyphs. Applying technology probes using situated glyphs and different glyph display form factors, the study aimed at uncovering the information space pertained to both primary and secondary medical care. Our analysis has resulted in a large set of information types as well as given us deeper insight on the principles for designing future situated glyphs. We report our findings in this paper that we expect would provide a solid foundation for designing future assistive systems to support patient care activities. 606 $aEnd-user computing 615 0$aEnd-user computing. 676 $a004.019 702 $aIEEE Staff 801 0$bPQKB 906 $aPROCEEDING 912 $a9910141374403321 996 $a2012 IEEE Symposium on Visual Languages and Human-Centric Computing$92504557 997 $aUNINA